000 00436pab a2200157 454500
008 180718b2004 xxu||||| |||| 00| 0 eng d
100 _aDe, Prithwis Kumar
245 _aTechnical efficiency, ownership, and reforms: an econometric study of Indian banking industry
260 _c2004
300 _ap.261-94.
362 _aJan-Jun
650 _aBanks - India
650 _aBanks
773 _aIndian Economic Review
909 _a70123
999 _c70123
_d70123